Practical costing (Record no. 89059)

MARC details
000 -LEADER
fixed length control field 00393nam a2200157Ia 4500
008 - FIXED-LENGTH DATA ELEMENTS--GENERAL INFORMATION
fixed length control field 230125s9999 xx 000 0 und d
041 ## - LANGUAGE CODE
Language code of text/sound track or separate title eng
082 ## - DEWEY DECIMAL CLASSIFICATION NUMBER
Classification number 657.42
Item number MOT
100 ## - MAIN ENTRY--PERSONAL NAME
Personal name Motwani R K
9 (RLIN) 112112
245 ## - TITLE STATEMENT
Title Practical costing
260 ## - PUBLICATION, DISTRIBUTION, ETC. (IMPRINT)
Date of publication, distribution, etc. 1999
Name of publisher, distributor, etc. Pointer publisher
300 ## - PHYSICAL DESCRIPTION
Extent 448p
500 ## - GENERAL NOTE
Keywords Costing ,Practical costing
700 ## - ADDED ENTRY--PERSONAL NAME
Personal name Motwani R K
9 (RLIN) 112112
Holdings
Withdrawn status Lost status Damaged status Not for loan Home library Current library Date acquired Vendor Cost, normal purchase price Full call number Barcode Date last seen Cost, replacement price Bill Date Koha item type Original Barcode
Withdrawn       Smt. Hiraben Nanavati Institute of Management & Research for Women Smt. Hiraben Nanavati Institute of Management & Research for Women 27/08/1999 Varma Book Distributor 650.00 657.42 MOT B01791 HIMR-BK-1791 25/01/2023 650.00 27/08/1999 Books B01791